Statistics for A Hyperloop from Stuttgart to Kabul

Click here to take the quiz!

General Stats

  • This quiz has been taken 23 times
  • The average score is 8 of 12

Answer Stats

CountryStation% Correct
TurkeyAnkara
100%
TurkeyIstanbul
100%
GermanyMunich
100%
CroatiaZagreb
100%
AfghanistanKabul
95%
BulgariaSofia
95%
GermanyStuttgart
95%
IranTehran
90%
AfghanistanHerat
20%
IranTabriz
20%
TurkeyErzurum
15%
IranRasht
15%

Score Distribution

Percentile by Number Answered

Percent of People with Each Score

Your Score History

You have not taken this quiz